000 00491nam a2200181 a 4500
001 000028186
005 20200930031424.0
008 110407s1996 dr 000 p spa d
040 _aDO-SdBNP
_bspa
_cBNPHU
082 _axxxx
_bG642u
100 1 _aGonzaga
_955161
245 1 0 _aUna ciudad en tu mano /
_cGonzaga.
260 _aSanto Domingo :
_bEdiciones Sur,
_c1996.
300 _a7 p. ;
_c21 cm.
490 1 _aDios es amor
_vno. 2
830 0 _aDios es amor
_vno. 2
_955186
049 _aBNPD
999 _c27678
_d27678